000 00398nam a2200145Ia 4500
008 220214s9999 xx 000 0 und d
022 _a0008-7114
245 0 _aCARYOLOGIA
260 _bUniversita degli studi di Firenze, Rome
_aItaly
310 _aQ
500 _aEnding Volume & Year: 44, 1991
500 _aMissing Volume: 30;42(1-2)
500 _aStarting Volume & Year: 29, 1976
942 _cBJ
999 _c5670
_d5670